| 000 | 00594nam a2200193Ia 4500 | ||
|---|---|---|---|
| 005 | 20250711154020.0 | ||
| 008 | 008 250516s9999 xx 000 0 eng d | ||
| 020 | _a9798886130638 | ||
| 040 |
_beng _cSDCL |
||
| 041 |
_aeng _2eng |
||
| 084 | _aD651:911 R4 | ||
| 100 |
_aBentsman, Joseph _9810072 |
||
| 245 | 0 |
_aSignals, instrumentation, control, and machine learning : _bAn integrative introduction |
|
| 260 |
_aNew Jersey : _bWorld Scientific, _c2024. |
||
| 300 | _axviii, 824p. | ||
| 490 | _aWorld scientific low price edition | ||
| 650 | _aElectronic Science | ||
| 942 |
_cTEXL _2CC |
||
| 999 |
_c1430540 _d1430540 |
||